000 00913nam a2200313 a 4500
001 000112706
003 CHAP
005 20220329144318.0
008 161005s1996 mx |r| ||||f|spa d
010 _a109167
011 _a110139
020 _a9789706272355
040 _cCHAP
082 0 4 _a823
_bW67
100 1 _aWilde, Óscar
_9131123
245 1 3 _aEl retrato de Dorian Gray /
_cpor Óscar Wilde.
260 _aMéxico, D.F. :
_bEditorial Época,
_c1996.
300 _a202 p.
590 _aBATCH-UPD
_b05
_c20161005
_lUCH01
_h0914
590 _aE11695DGD
_b10
_c20170521
_lUCH01
_h1045
590 _aE5765TAJ
_b05
_c20161005
_lUCH01
_h0913
590 _aE5765TAJ
_b05
_c20161005
_lUCH01
_h0937
590 _aE5765TAJ
_b05
_c20161005
_lUCH01
_h0938
650 1 4 _aLiteratura irlandesa
_ySiglo XIX.
_9131121
650 1 4 _aNovela irlandesa
_ySiglo XIX.
_9131122
901 _aBK
942 _cLIBRO
942 _n0
999 _c109167
_d109167